Statistics for Top 20 Biggest Port Cities In The World

Click here to take the quiz!

General Stats

  • This quiz has been taken 157 times
  • The average score is 8 of 20

Answer Stats

Metric Tons of Cargo In 2013CountryAnswer% Correct
776,000,000ChinaShanghai
95%
560,887,900SingaporeSingapore
91%
440,464,000NetherlandsRotterdam
89%
276,055,000ChinaHong Kong
88%
454,700,000ChinaGuangzhou
84%
190,849,000BelgiumAntwerp
65%
270,900,000South KoreaBusan
65%
500,600,000ChinaTianjin
58%
234,000,000ChinaShenzhen
54%
191,000,000ChinaXiamen
40%
408,400,000ChinaDalian
25%
450,000,000ChinaQingdao
25%
187,800,000USASouth Louisiana
25%
809,800,000ChinaNingbo-Zhoushan
12%
152,000,000MalaysiaPort Klang
4%
446,200,000ChinaTangshan
4%
272,600,000ChinaQinhuangdao
2%
288,443,040AustraliaPort Hedland
1%
309,200,000ChinaRizhao
1%
330,000,000ChinaYingkou
1%

Score Distribution

Percentile by Number Answered

Percent of People with Each Score

Your Score History

You have not taken this quiz